00549nam a2200145Ia 4500008004100000024004100041082001600082100007300098245002400171260002500195600002100220650003800241952010700279999001700386250506s9999 xx 000 0 und d a10B-74-BS, 10B-61-BS & 10B-62-BS a005.072 MUH aMuhammad Herman Shafiq, Muhammad Ali Rashid, & Muhammad Fahad Sultan 0aSocial Media System aKarachi:bUIT,c2010 aComputer Science aBachelor of Computer Science (BS) 001040708PR-CSaUITUbUITUd2022-07-26l0o005.072 MUHpBS-340r2025-05-06 11:34:04w2025-05-06yPR c27542d27542